| 000 | 00436cam a22001217a 4500 | ||
|---|---|---|---|
| 008 | 180718b1962 xxu||||| |||| 00| 0 eng d | ||
| 082 | _aW6x54 N213s | ||
| 245 |
_aAir traffic survey - southern region _cby National Council of Applied Economic Research |
||
| 260 |
_aNew Delhi _bNational Council of Applied Economic Research _c1962 |
||
| 300 | _a108p. | ||
| 650 | _aAirlines - India | ||
| 700 | _aNational Council of Applied Economic Research | ||
| 999 |
_c375293 _d375293 |
||